大阪市の駅名ドボン - Statistics

General Stats
  • This quiz has been taken 125 times
  • The average score is 12 of 22
Answers on the Grid
Answers color-coded by a green-red scale on the quiz's grid according to % correct below.
なんば
夢洲
淀屋橋
尼崎
梅田
天下茶屋
弁天町
新今宮
大阪阿部野橋
布施
鶴橋
放出
淡路
江坂
南巽
三国
新金岡
久宝寺
千林
井高野
上新庄
杉本町
住之江公園
長田
徳庵
今里
鴫野
加島
大日
帝塚山
 
Answer Stats
Answer % Correct
なんば
77%
夢洲
75%
淀屋橋
74%
大阪阿部野橋
70%
梅田
69%
弁天町
67%
天下茶屋
66%
新今宮
66%
住之江公園
66%
鶴橋
64%
今里
57%
放出
56%
淡路
51%
鴫野
49%
上新庄
44%
杉本町
44%
南巽
43%
三国
41%
帝塚山
41%
加島
40%
千林
37%
井高野
32%
No matching quizzes found
Score Distribution
Percent of People with Each Score
Percentile by Number Answered
Your Score History
You have not taken this quiz